Kỹ thuật nhiệt

Zapisane w:
Opis bibliograficzny
1. autor: Nguyễn Văn Ánh
Format: Książka
Język:Undetermined
Wydane: Hà Nội Đại học Sư phạm 2004
Hasła przedmiotowe:
Etykiety: Dodaj etykietę
Nie ma etykietki, Dołącz pierwszą etykiete!
Thư viện lưu trữ: Trung tâm Học liệu Trường Đại học Cần Thơ
LEADER 00542nam a2200193Ia 4500
001 CTU_60148
008 210402s9999 xx 000 0 und d
020 |b 21000 
082 |a 621.402 
082 |b A107 
100 |a Nguyễn Văn Ánh 
245 0 |a Kỹ thuật nhiệt 
245 0 |c Nguyễn Văn Ánh và Nguyễn Thị Loan 
260 |a Hà Nội 
260 |b Đại học Sư phạm 
260 |c 2004 
650 |a heat engineering 
904 |i Minh 
980 |a Trung tâm Học liệu Trường Đại học Cần Thơ